Statistics for New Zealand All Blacks Rugby - Last Home Loss by ground by year

Click here to take the quiz!

General Stats

  • This quiz has been taken 37 times
    (22 since last reset)
  • The average score is 5 of 6

Answer Stats

Home GroundOpponentYear% Correct
Eden Park, AucklandFrance1994
100%
Wellington Regional StadiumSouth Africa2018
94%
Carisbrook, DunedinFrance2009
89%
Waikato StadiumSouth Africa2009
89%
Athletic Park, WellingtonSouth Africa1998
83%
Lancaster Park, ChristchurchAustralia1998
83%

Score Distribution

Percentile by Number Answered

Percent of People with Each Score

Your Score History

You have not taken this quiz since the last reset